Catálogo público

Información del sector agroalimentario 2010 / Servicio de Información Agroalimentaria y Pesquera (Record no. 209682)

MARC details
000 -CABECERA
campo de control de longitud fija 01255nam a2200337Ia 4500
001 - NÚMERO DE CONTROL
campo de control dia_6348
003 - IDENTIFICADOR DEL NÚMERO DE CONTROL
campo de control CHAP
005 - FECHA Y HORA DE LA ÚLTIMA TRANSACCIÓN
campo de control 20251021152941.0
008 - DATOS DE LONGITUD FIJA--INFORMACIÓN GENERAL
campo de control de longitud fija 220601s9999 xx 000 0 und d
020 ## - NÚMERO INTERNACIONAL ESTÁNDAR DEL LIBRO
Número Internacional Estándar del Libro 978-607-95452-0-8
040 ## - FUENTE DE LA CATALOGACIÓN
Centro/agencia transcriptor CHAP
082 ## - NÚMERO DE LA CLASIFICACIÓN DECIMAL DEWEY
Número de clasificación C 630.20121972 I54 2010
110 ## - ENTRADA PRINCIPAL--NOMBRE DE ENTIDAD CORPORATIVA
Nombre de entidad corporativa o nombre de jurisdicción como elemento de entrada México.
Unidad subordinada Servicio de Información Agroalimentaria y Pesquera
9 (RLIN) 146339
245 ## - MENCIÓN DE TÍTULO
Título Información del sector agroalimentario 2010 / Servicio de Información Agroalimentaria y Pesquera
250 ## - MENCIÓN DE EDICIÓN
Mención de edición 2a ed.
260 ## - PUBLICACIÓN, DISTRIBUCIÓN, ETC.
Lugar de publicación, distribución, etc. México : Servicio de Información Agroalimentaria y Pesquera
300 ## - DESCRIPCIÓN FÍSICA
Extensión 247 p.
503 ## - NOTA DE HISTORIA BIBLIOGRÁFICA (BK CF MU) [OBSOLETO]
Nota de historia bibliográfica D.
590 ## - NOTA LOCAL (RLIN)
Nota local C HD9014.M62 I54 2010
650 ## - PUNTO DE ACCESO ADICIONAL DE MATERIA--TÉRMINO DE MATERIA
Término de materia o nombre geográfico como elemento de entrada 1. Agricultura - Estadística - México
650 ## - PUNTO DE ACCESO ADICIONAL DE MATERIA--TÉRMINO DE MATERIA
Término de materia o nombre geográfico como elemento de entrada Agricultura - Aspectos económicos - México
650 ## - PUNTO DE ACCESO ADICIONAL DE MATERIA--TÉRMINO DE MATERIA
Término de materia o nombre geográfico como elemento de entrada Industria agrícola - Estadísticas - México
650 ## - PUNTO DE ACCESO ADICIONAL DE MATERIA--TÉRMINO DE MATERIA
Término de materia o nombre geográfico como elemento de entrada Agriculture - Statistics - Mexico
650 ## - PUNTO DE ACCESO ADICIONAL DE MATERIA--TÉRMINO DE MATERIA
Término de materia o nombre geográfico como elemento de entrada Agriculture - Economical aspects - Mexico
650 ## - PUNTO DE ACCESO ADICIONAL DE MATERIA--TÉRMINO DE MATERIA
Término de materia o nombre geográfico como elemento de entrada Agricultural industry - Statistics - Mexico
710 ## - PUNTO DE ACCESO ADICIONAL--NOMBRE DE ENTIDAD CORPORATIVA
Nombre de entidad corporativa o nombre de jurisdicción como elemento de entrada Servicio de Información Agroalimentaria y Pesquera (México)Ì
9 (RLIN) 176429
901 ## - ELEMENTOS DE DATOS A LOCAL LDA (RLIN)
a C 630.20121972 I54 2010
902 ## - ELEMENTOS DE DATOS B LOCAL, LDB (RLIN)
a M
905 ## - ELEMENTOS DE DATOS E LOCAL, LDE (RLIN)
a 5232272010 mx bdmn8222223322spa16
942 ## - ELEMENTOS DE PUNTO DE ACCESO ADICIONAL (KOHA)
Tipo de ítem Koha Libro
Fuente del sistema de clasificación o colocación Dewey Decimal Classification
Holdings
Estado de retiro Estado de pérdida Fuente del sistema de clasificación o colocación Estado dañado Restricciones de uso No para préstamo Código de colección Localización permanente Ubicación/localización actual Ubicación en estantería Fecha de adquisición Total de préstamos Código de barras Fecha visto por última vez Número de copia Precio válido a partir de Tipo de ítem Koha
    Dewey Decimal Classification   Préstamo interno   Consulta Ingenieria Agroindustrial Ingenieria Agroindustrial   01/06/2022   dia_007667 01/06/2022 5 01/06/2022 Libro
    Dewey Decimal Classification   Préstamo interno   Consulta Ingenieria Agroindustrial Ingenieria Agroindustrial   01/06/2022   dia_007645 01/06/2022 1 01/06/2022 Libro
    Dewey Decimal Classification   Préstamo interno   Consulta Ingenieria Agroindustrial Ingenieria Agroindustrial   01/06/2022   dia_007646 01/06/2022 2 01/06/2022 Libro
    Dewey Decimal Classification   Préstamo interno   Consulta Ingenieria Agroindustrial Ingenieria Agroindustrial   01/06/2022   dia_007647 01/06/2022 3 01/06/2022 Libro
    Dewey Decimal Classification   Préstamo interno   Consulta Ingenieria Agroindustrial Ingenieria Agroindustrial   01/06/2022   dia_007666 01/06/2022 4 01/06/2022 Libro